000 00547nam a22001817a 4500
005 20251108170040.0
008 250721s1986 xx 000 0 ara d
082 1 4 _aط/ق/عري
100 1 _aالعريان، محمد سعيد
245 1 0 _aفي جزيرة النسانيس /
264 1 _aالقاهره :
_bدار المعارف،
_c1986.
300 _a110ص .
490 0 _aرحلات سندباد ؛
_v8
650 1 7 _aالقصص العربية
653 _aناشئون صغار ( 10-14 سنة )
942 _2ddc
_cBK
999 _c38366
_d38366